La transición a la educación secundaria: discontinuidades en las culturas escolares

Saved in:
書目詳細資料
主要作者: Gimeno Sacristán, José (autor)
格式: 圖書
語言:西班牙语
出版: Madrid. España Morata 1996
叢編:Colección Pedagogía. Manuales
主題:
標簽: 添加標簽
沒有標簽, 成為第一個標記此記錄!

MARC

LEADER 00000nam a2200000 a 4500
001 UCO7427
003 CL-VaPUC
005 20231109073933.0
008 001117e19960000SP |||||||||||||||||spa|d
999 |c 292363  |d 292361 
040 |c Pontificia Universidad Católica de Valparaíso 
082 0 4 |a 370.192 GIM 1996  |2 21 
100 |a Gimeno Sacristán, José  |e autor  |9 814227 
245 1 3 |a La transición a la educación secundaria: discontinuidades en las culturas escolares 
260 |a Madrid. España  |b Morata  |c 1996 
300 |a 183 páginas 
490 0 |a Colección Pedagogía. Manuales 
583 |a last modification  |c 20001117 00:00:00  |k Rodrigo Vera 
650 0 |a Filosofía de la educación   |9 258384 
650 0 |a Sociología de la educación   |9 260380 
650 0 |a Psicología del aprendizaje  |9 306854 
650 0 |a Curriculos  |9 343652 
942 |c BK  |2 ddc 
945 |d 20001117 00:00:00  |a cmena 
952 |0 0  |1 0  |2 ddc  |4 0  |6 370_192000000000000_GIM_1996  |7 0  |8 A  |9 343174  |a BIBEDU  |b BIBEDU  |d 2019-11-20  |i 3668002  |o 370.192 GIM 1996  |p 3668002  |r 2019-11-20  |t 1  |w 2019-11-20  |y BK  |k EPE 
952 |0 0  |1 0  |2 ddc  |4 0  |6 370_192000000000000_GIM_1996  |7 0  |8 A  |9 562190  |a BIBEDU  |b BIBEDU  |d 2020-03-30  |i 5618320  |o 370.192 GIM 1996  |p 5618320  |r 2020-03-30  |t 2  |w 2020-03-30  |y BK  |k EPE